01204cam a2200277 a 45000010009000000050017000090080041000260100017000670200069000840200066001530200049002190200046002680400013003140420008003270500027003351000027003622450039003892600128004283000029005565000158005855040064007436000040008077000018008477100027008657100034008921599985620170124100840.0091127s2010 gw a bc 001 0deng  a 2009942198 a9783791350202 (English ed. : Neue Galerie and English trade ed.) a379135020X (English ed. : Neue Galerie and English trade ed.) a9782891923408 (Montreal Museum of Fine Arts) a379135020X (Montreal Museum of Fine Arts) aDLCcDLC apcc00aN6888 b.D5A4 20101 aDix, Otto,d1891-1969.10aOtto Dix /cedited by Olaf Peters. aMunich ;aNew York :bPrestel ;a[Montreal] :bMontreal Museum of Fine Arts ;a[New York] :bNeue Galerie New York,cc2010. a257 p. :bill. ;c30 cm. aIssued in connection with an exhibition held Mar. 11-Aug. 30, 2010, Neue Galerie New York, and Sept. 24, 2010-Jan. 2, 2011, Montreal Museum of Fine Arts. aIncludes bibliographical references (p. 251-254) and index.10aDix, Otto,d1891-1969vExhibitions.1 aPeters, Olaf.2 aNeue Galerie New York.2 aMontreal Museum of Fine Arts.